Подробности
| 000 -МАРКЕР |
| контрольное поле |
04136nam0a2200481 4500 |
| 001 - ИДЕНТИФИКАТОР ЗАПИСИ |
| контрольное поле |
RU\NLR\bibl\1351433 |
| 005 - ИДЕНТИФИКАТОР ВЕРСИИ |
| контрольное поле |
20260406121917.0 |
| 010 ## - МЕЖДУНАРОДНЫЙ СТАНДАРТНЫЙ НОМЕР КНИГИ (ISBN) |
| Номер (ISBN) |
978-5-699-27504-5 |
| Уточнения |
Эксмо |
| 010 ## - МЕЖДУНАРОДНЫЙ СТАНДАРТНЫЙ НОМЕР КНИГИ (ISBN) |
| Номер (ISBN) |
5-7921-0755-2 |
| Тираж |
6000 |
| Уточнения |
TF |
| 021 ## - НОМЕР ГОСУДАРСТВЕННОЙ РЕГИСТРАЦИИ |
| Код страны |
Российская Федерация |
| Номер |
2009-7201 |
| Номер Листа государственной регистраци |
413 |
| 035 ## - ДРУГИЕ СИСТЕМНЫЕ НОМЕРА |
| Идентификатор записи |
(nilc)RSL-KNO-004245065 |
| 035 ## - ДРУГИЕ СИСТЕМНЫЕ НОМЕРА |
| Идентификатор записи |
(NLR Aleph) 001336517 |
| 100 ## - ДАННЫЕ ОБЩЕЙ ОБРАБОТКИ |
| Данные общей обработки |
20090225d2008 |||y0rusy50 ca |
| 101 0# - ЯЗЫК РЕСУРСА |
| Язык текста, звукозаписи и т.д. |
русский |
| 102 ## - СТРАНА ПУБЛИКАЦИИ ИЛИ ПРОИЗВОДСТВА |
| Страна публикации |
Российская Федерация |
| 105 ## - ПОЛЕ КОДИРОВАННЫХ ДАННЫХ: ТЕКСТОВЫЕ МАТЕРИАЛЫ, МОНОГРАФИЧЕСКИЕ |
| Кодированные данные о монографическом текстовом документе |
a zzzz||||| |
| 200 1# - ЗАГЛАВИЕ И СВЕДЕНИЯ ОБ ОТВЕТСТВЕННОСТИ |
| Основное заглавие |
Улитка на склоне |
| -- |
Второе нашествие марсиан |
| -- |
Хромая судьба |
| -- |
Град обреченный |
| -- |
За миллиард лет до конца света |
| -- |
Отягощенные злом, или Сорок лет спустя |
| Первые сведения об ответственности |
Аркадий и Борис Стругацкие |
| 210 ## - ПУБЛИКАЦИЯ, РАСПРОСТРАНЕНИЕ И ДР. |
| Место издания, распространения и т.д. |
Москва |
| Имя издателя, распространителя и т. д. |
Эксмо |
| Место издания, распространения и т.д. |
Санкт-Петербург |
| Имя издателя, распространителя и т. д. |
Terra Fantastica |
| Дата издания, распространения и т.д. |
2008 |
| 215 ## - ФИЗИЧЕСКАЯ ХАРАКТЕРИСТИКА |
| Специфическое обозначение материала и объем |
1261, [1] с. |
| Другие сведения о физической характеристике |
ил. |
| Размеры |
24 |
| 300 ## - ОБЩИЕ ПРИМЕЧАНИЯ |
| Текст примечания |
На обл.: За миллиард лет до конца света: сборник составлен лично Борисом Стругацким |
| 423 #0 - ИЗДАЕТСЯ В ОДНОЙ ОБЛОЖКЕ ВМЕСТЕ С ... |
| Встроенное поле |
2001#$aДьявол среди людей$fС. Ярославцев |
| -- |
700#1$3RU\NLR\AUTH\77619$aСтругацкий$bА. Н.$f1925-1991$gАркадий Натанович$4070 |
| -- |
210##$aМосква$aСанкт-Петербург$d2008 |
| -- |
215##$aС. 977-1056$cил. |
| Заглавие |
Дьявол среди людей |
| Автор |
Стругацкий, Аркадий Натанович (1925-1991) |
| 423 #0 - ИЗДАЕТСЯ В ОДНОЙ ОБЛОЖКЕ ВМЕСТЕ С ... |
| Встроенное поле |
2001#$aБессильные мира сего$fС. Витицкий |
| -- |
210##$aМосква$aСанкт-Петербург$d2008 |
| -- |
215##$aС. 1057-1242$cил. |
| -- |
700#1$3RU\NLR\AUTH\77621$aСтругацкий$bБ. Н.$f1933-2012$gБорис Натанович$4070 |
| Заглавие |
Бессильные мира сего |
| Автор |
Стругацкий, Борис Натанович (1933-2012) |
| 423 #0 - ИЗДАЕТСЯ В ОДНОЙ ОБЛОЖКЕ ВМЕСТЕ С ... |
| Встроенное поле |
2001#$aСорок лет спустя, или За миллиард лет до конца света$fСергей Переслегин$g[ил. Я. Ашмариной и А. Карапетяна] |
| -- |
700#1$aПереслегин$bС. Б.$gСергей Борисович$4070 |
| -- |
210##$aМосква$aСанкт-Петербург$d2008 |
| -- |
215##$aС. 1243-1261 |
| Заглавие |
Сорок лет спустя, или За миллиард лет до конца света |
| Автор |
Переслегин, Сергей Борисович |
| 512 1# - ЗАГЛАВИЕ ОБЛОЖКИ |
| Связь между полями |
z11790 |
| Заглавие обложки |
За миллиард лет до конца света |
| Сведения, относящиеся к заглавию |
сборник составлен лично Борисом Стругацким |
| 517 0# - ДРУГИЕ ВАРИАНТЫ ЗАГЛАВИЯ |
| Вариант заглавия |
Сорок лет спустя |
| 610 0# - НЕКОНТРОЛИРУЕМЫЕ ПРЕДМЕТНЫЕ ТЕРМИНЫ |
| Предметный термин |
Филологические науки. Художественная литература -- Российская Федерация -- Русская литература -- с сер. 50-х гг. 20 в. -- Произведения художественной литературы -- Художественная проза -- Романы. Повести. Рассказы -- Фантастические и мистические романы, повести, рассказы. Романы ужасов |
| 686 ## - ИНДЕКСЫ ДРУГИХ КЛАССИФИКАЦИЙ |
| Индекс |
Ш5(2=Р)75-644.5 |
| Код системы |
|
| 686 ## - ИНДЕКСЫ ДРУГИХ КЛАССИФИКАЦИЙ |
| Индекс |
Ш6(2=Р)75-445 |
| 700 #1 - ИМЯ ЛИЦА - ПЕРВИЧНАЯ ОТВЕТСТВЕННОСТЬ |
| Код отношения |
Автор |
| Материалы, к которым относится поле |
rus |
| Графика поля |
Кириллица |
| Начальный элемент ввода |
Стругацкий |
| Часть имени, кроме начального элемента ввода |
А. Н. |
| Даты |
1925-1991 |
| Расширение инициалов личного имени |
Аркадий Натанович |
| Идентификатор авторитетной/нормативной записи |
RU\NLR\AUTH\77619 |
| Системный номер авторитетной/нормативной записи |
110663 |
| 701 #1 - ИМЯ ЛИЦА - АЛЬТЕРНАТИВНАЯ ОТВЕТСТВЕННОСТЬ |
| Код отношения |
Автор |
| Материалы, к которым относится поле |
rus |
| Графика поля |
Кириллица |
| Начальный элемент ввода |
Стругацкий |
| Часть имени, кроме начального элемента ввода |
Б. Н. |
| Даты |
1933-2012 |
| Расширение инициалов личного имени |
Борис Натанович |
| Идентификатор авторитетной/нормативной записи |
RU\NLR\AUTH\77621 |
| Системный номер авторитетной/нормативной записи |
110665 |
| 702 #1 - ИМЯ ЛИЦА - ВТОРИЧНАЯ ОТВЕТСТВЕННОСТЬ |
| Код отношения |
Иллюстратор |
| Материалы, к которым относится поле |
rus |
| Графика поля |
Кириллица |
| Начальный элемент ввода |
Ашмарина |
| Часть имени, кроме начального элемента ввода |
Я. С. |
| Дополнения к именам, кроме дат |
художник |
| Даты |
1963-2015 |
| Расширение инициалов личного имени |
Яна Станиславовна |
| Идентификатор авторитетной/нормативной записи |
RU\NLR\AUTH\77106409 |
| Системный номер авторитетной/нормативной записи |
89334 |
| 702 #1 - ИМЯ ЛИЦА - ВТОРИЧНАЯ ОТВЕТСТВЕННОСТЬ |
| Начальный элемент ввода |
Карапетян |
| Часть имени, кроме начального элемента ввода |
А. |
| Расширение инициалов личного имени |
Андрей |
| Код отношения |
Иллюстратор |
| 790 #1 - ИМЯ ЛИЦА - АЛЬТЕРНАТИВНАЯ ФОРМА |
| Код отношения |
Автор |
| Материалы, к которым относится поле |
rus |
| Графика поля |
Кириллица |
| Начальный элемент ввода |
Стругацкий |
| Часть имени, кроме начального элемента ввода |
А. Н. |
| Даты |
1925-1991 |
| Расширение инициалов личного имени |
Аркадий Натанович |
| Идентификатор авторитетной/нормативной записи |
RU\NLR\AUTH\77619 |
| Системный номер авторитетной/нормативной записи |
110663 |
| 790 #1 - ИМЯ ЛИЦА - АЛЬТЕРНАТИВНАЯ ФОРМА |
| Код отношения |
Автор |
| Материалы, к которым относится поле |
rus |
| Графика поля |
Кириллица |
| Начальный элемент ввода |
Стругацкий |
| Часть имени, кроме начального элемента ввода |
Б. Н. |
| Даты |
1933-2012 |
| Расширение инициалов личного имени |
Борис Натанович |
| Идентификатор авторитетной/нормативной записи |
RU\NLR\AUTH\77621 |
| Системный номер авторитетной/нормативной записи |
110665 |
| 801 #0 - ИСТОЧНИК ЗАПИСИ |
| Страна |
Российская Федерация |
| Организация |
РКП |
| Дата составления |
20090225 |
| 801 #1 - ИСТОЧНИК ЗАПИСИ |
| Страна |
Российская Федерация |
| Организация |
РГБ |
| Дата составления |
20090225 |
| 801 #2 - ИСТОЧНИК ЗАПИСИ |
| Страна |
Российская Федерация |
| Организация |
NLR |
| Дата составления |
20090403 |
| Правила каталогизации |
rcr |
| 942 ## - ДОПОЛНИТЕЛЬНЫЕ ЭЛЕМЕНТЫ ЗАПИСИ (АБИС) |
| Тип экземпляра АБИС |
Книга |
| 980 ## - КОЛЛЕКЦИЯ |
| Название коллекции |
Национальная библиография |